Statistics for Johnny's Geography #5

Click here to take the quiz!

General Stats

  • This quiz has been taken 3,082 times
  • The average score is 12 of 20

Answer Stats

HintAnswer% Correct
What is the currency of the European Union?Euro
99%
Which city is the word hamburger derived from?Hamburg
92%
Ankara is the capital of which country?Turkey
85%
By population, what is the largest "stan" country?Pakistan
81%
If I'm eating at Sukiyabashi Jiro, which city am I visiting?Tokyo
80%
Which country hosted the 2014 World Cup?Brazil
79%
The Dalai Lama lives in which country?India
75%
Pope Francis is from which country?Argentina
66%
Western Sahara is a disputed region with which country?Morocco
64%
The Sagrada Família is located in which European city?Barcelona
64%
Which country has the largest Muslim population?Indonesia
63%
Denali National Park is located in which US state?Alaska
52%
I'm going skydiving in Queenstown. Which country am I in?New Zealand
51%
I just paid with a Loonie and a Toonie. Which country am I in?Canada
46%
Royal Oak, Dearborn, and Flint are all located close to which major American city?Detroit
45%
What is the major ethnic group in China?Han
36%
Lots of baseball players are from Maracaibo. Which country is this?Venezuela
34%
Which Russian region is located between Poland and Lithuania?Kaliningrad
30%
Which treacherous 100 mile long area separates Panama and Colombia?Darién Gap
27%
Khaosan Road is a touristy part of which city?Bangkok
19%

Score Distribution

Percentile by Number Answered

Percent of People with Each Score

Your Score History

You have not taken this quiz